Nefrología pediátrica /

में बचाया:
ग्रंथसूची विवरण
अन्य लेखक: Exeni, Ramón (संपादक), García Nieto, Víctor (ditor.), Medeiros, Mara (editora.), Santos, Fernando (संपादक)
स्वरूप: ई-पुस्तक
भाषा:स्पेनिश
प्रकाशित: Ciudad de México : Universidad Nacional Autónoma de México, 2022.
विषय:
ऑनलाइन पहुंच:https://elibro.unach.elogim.com/es/lc/unach/titulos/285117
टैग: टैग जोड़ें
कोई टैग नहीं, इस रिकॉर्ड को टैग करने वाले पहले व्यक्ति बनें!

MARC

LEADER 00000nam a2200000 i 4500
001 ELB285117
003 FINmELB
005 20250804120000.0
006 m o d |
007 cr cnu||||||||
008 250725s2022 mx ob 001 0 spa d
020 |a 9786073065795  |q (e-book) 
035 |a (OCoLC)1534154483 
040 |a FINmELB  |b spa  |e rda  |c FINmELB 
050 4 |a RJ476.K5  |b N383 2022 
080 |a 616.61-053.2 
082 1 |a 618.92  |2 23 
245 0 0 |a Nefrología pediátrica /  |c Ramón Exeni, Víctor García-Nieto, Mara Medeiros y Fernando Santos (editores) ; Ángel Alonso, Francisco Cano, Laura Escobar y Empar Lurbe (coordinadores). 
264 1 |a Ciudad de México :  |b Universidad Nacional Autónoma de México,  |c 2022. 
300 |a 1 recurso en línea (3021 páginas) 
336 |a texto  |b txt  |2 rdacontent/spa 
337 |a computadora  |b c  |2 rdamedia/spa 
338 |a recurso en línea  |b cr  |2 rdacarrier/spa 
500 |a Incluye índice. 
500 |a Incluye índice alfabético. 
504 |a Incluye bibliografía. 
588 |a Descripción basada en metadatos suministrados por el editor y otras fuentes. 
590 |a Recurso electrónico. Santa Fe, Arg.: elibro, 2025. Disponible vía World Wide Web. El acceso puede estar limitado para las bibliotecas afiliadas a elibro. 
650 4 |a Enfermedades renales en niños. 
650 4 |a Nefrología pediátrica. 
655 4 |a Libros electrónicos. 
700 1 |a Exeni, Ramón,  |e editor. 
700 1 |a García Nieto, Víctor,  |e ditor. 
700 1 |a Medeiros, Mara,  |e editora. 
700 1 |a Santos, Fernando,  |e editor. 
797 2 |a elibro, Corp. 
856 4 0 |u https://elibro.unach.elogim.com/es/lc/unach/titulos/285117